00716nai a2200181Ia 4500003000900000008004100009022002300050040001600073245003500089260002600124310001200150362002700162521006900189856009000258942000700348999001700355952016200372IN-BaIIA211028c9999 xx s 000 0 eng d a1359-6462 (Online) cIIA Library 0aScripta Materialiah[eJournal] aOxford, U.KbPergamon a16/year a34(1); 1996 - Present  bSubscribed through National Knowledge Resource Consortium (NKRC) uhttps://www.sciencedirect.com/science/journal/13596462yClick Here to Access eJournal cEJ c35680d35680 00104070aBANbBANd2009-01-01eNKRCh34(1); 1996 - Present l0pEJ1764r2021-11-05uhttps://www.sciencedirect.com/science/journal/13596462w2021-11-05yEJ